| Tag |
First Indicator |
Second Indicator |
Subfields |
| LEADER |
00000cam a2200000 4500 |
| 001 |
in00000094551 |
| 005 |
20150927110504.0 |
| 008 |
701130s1970 azuae b 10000 eng |
| 010 |
|
|
|a 74125171
|
| 020 |
|
|
|a 0816502560
|
| 035 |
|
|
|a (OCoLC)00101641
|
| 035 |
|
|
|9 AAL6417AM
|
| 040 |
|
|
|a DLC
|c DLC
|d TXA
|d UtOrBLW
|
| 049 |
|
|
|a TXAM
|c [706602]
|
| 050 |
0 |
0 |
|a TL507
|b .M33
|
| 082 |
0 |
|
|a 711/.78
|
| 245 |
0 |
0 |
|a Master planning the aviation environment /
|c Editors: Angelo J. Cerchione, Victor E. Rothe [and] James Vercellino.
|
| 264 |
|
1 |
|a Tucson :
|b University of Arizona Press,
|c [1970]
|
| 300 |
|
|
|a xv, 208 pages :
|b illustrations, plans. ;
|c 32 cm.
|
| 336 |
|
|
|a text
|b txt
|2 rdacontent
|
| 337 |
|
|
|a unmediated
|b n
|2 rdamedia
|
| 338 |
|
|
|a volume
|b nc
|2 rdacarrier
|
| 500 |
|
|
|a Compiled from presentations at the 2d annual symposium on master planning the aviation environment, sponsored by Arizona Dept. of Aeronautics, Luke Air Force Base, and Arizona State University. Held in Phoenix, Ariz., Dec. 17-19, 1969.
|
| 504 |
|
|
|a Includes bibliographical references.
|
| 650 |
|
0 |
|a Aeronautics.
|
| 650 |
|
0 |
|a Airports
|x Planning.
|
| 650 |
|
0 |
|a Environmental policy.
|
| 700 |
1 |
|
|a Cerchione, Angelo J.
|
| 700 |
1 |
|
|a Rothe, Victor E.
|
| 700 |
1 |
|
|a Vercellino, James.
|
| 710 |
1 |
|
|a Arizona.
|b Department of Aeronautics.
|
| 710 |
1 |
|
|a Luke Air Force Base (Ariz.)
|
| 710 |
2 |
|
|a Arizona State University.
|
| 999 |
|
|
|a MARS
|
| 999 |
f |
f |
|s 3841ddda-62e5-3b43-a6fd-4a950808989b
|i d1445319-9af3-3254-bc5d-b10112f9664b
|t 0
|
| 952 |
f |
f |
|p ric
|a Texas A&M University
|b Rellis Campus
|c Joint Library Facility
|d Remote Storage
|t 0
|e TL507 .M33
|h Library of Congress classification
|i unmediated -- volume
|m A14805532821
|
| 998 |
f |
f |
|a TL507 .M33
|t 0
|l Remote Storage
|